| 000 | 00503nam a2200193Ia 4500 | ||
|---|---|---|---|
| 003 | GCL | ||
| 008 | 140319s9999 xx 000 0 eng d | ||
| 040 |
_aGCL / _cGCL |
||
| 082 | 0 | 4 |
_a150.030 _bA P |
| 100 | 1 | _aALLEN, LARUE | |
| 245 | 1 | 0 |
_aPSYCHOLOGY: THE CONTEXTS OF BEHAVIOR / _cALLEN, LARUE |
| 700 | 1 | _aSANTRACK, JOHN W | |
| 260 |
_a[S.N] : _bW.C.B BROWN & BECHMARK ، _c1993 |
||
| 300 | _a620 P | ||
| 650 | 0 | 4 | _aBIOLOGY |
| 650 | 0 | 4 | _aHUMAN BEHAVIOR |
| 650 | 0 | 4 | _aPSYCHOBIOLOGY |
| 942 |
_2ddc _cBK |
||
| 999 |
_c16753 _d16753 |
||